| 000 | 00989cab a2200289 4500 | ||
|---|---|---|---|
| 001 | ABS57686 | ||
| 008 | 090401t1997 xxu||||| |||| 00| 0 eng d | ||
| 035 | _a(Sirsi) u81084 | ||
| 041 | _aeng | ||
| 100 | _aWorrall, J. | ||
| 245 | _aTransport - integrated and otherwise | ||
| 260 | _c1997 | ||
| 350 | _a0 | ||
| 490 |
_aValuer (ISVA) _v66(5) September/October 1997, 8-9(2) |
||
| 520 | _aDiscusses Leicester City Council`s attempts to reduce traffic in the city centre. The experiment involves a park and ride scheme and the UK`s first pay-as-you-drive road pricing scheme, the Leicester Environmental Road Tolling Scheme (LERTS). | ||
| 650 | _aLEICESTER ENVIRONMENTAL ROAD TOLLING SCHEME | ||
| 650 | _aLEICESTER | ||
| 650 | _aLERTS | ||
| 650 | _aPARK AND RIDE | ||
| 650 | _aPAY AS YOU DRIVE | ||
| 650 | _aPUBLIC TRANSPORT | ||
| 650 | _aTRAFFIC REDUCTION | ||
| 650 | _aTRANSPORT SCHEMES | ||
| 690 | _aTRANSPORT AND COMMUNICATIONS | ||
| 942 | _n0 | ||
| 948 | _c25/09/1997 | ||
| 999 |
_c51088 _d51088 |
||